[Event "WEM-KT 2018"]
[Site "Illertissen"]
[Date "2018.08.30"]
[Round "6"]
[White "Wolf, Rainer"]
[Black "Bildt, Maximilian"]
[Result "1/2-1/2"]
[WhiteElo "2044"]
[BlackElo "2073"]
[Annotator "NA RC"]
[PlyCount "88"]
[EventDate "2018.08.25"]
[EventType "tourn"]
[EventCountry "GER"]
[SourceTitle "playchess.com"]
[Source "ChessBase"]
[SourceQuality "1"]
[TimeControl "40/6000+30:3000+30"]

{[%evp 8,69,27,11,29,22,32767,32767,32767,32767,32767,32767,0,-8,-15,-19,-13,-29,-18,-10,-6,-4,28,27,33,47,27,18,24,7,57,40,32767,32767,131,149,140,90,32767,32767,32767,32767,32767,76,32767,32767,32767,32767,102,32767,116,12,74,0,20,4,9,32767,32767,186,32767,201,32767,6]} 1. Nf3 {[%emt 0:09:35]} Nf6 {[%emt 0:09:33]} 2. c4 {[%emt 0:00:49]} g6 {[%emt 0:00:07]} 3. Nc3 {[%emt 0:00:13]} c5 {[%emt 0:00:42]} 4. g3 {[%emt 0:00:32]} Bg7 {[%emt 0:00:36]} 5. Bg2 {[%emt 0:00:17]} O-O {[%emt 0:00:23] LiveBook: 663 Games} 6. O-O {[%emt 0:00:26]} Nc6 {[%emt 0:02:40]} 7. d3 {[%emt 0:06:49]} d6 {[%emt 0:06:01]} 8. h3 {[%emt 0:03:11]} a6 {[%emt 0:04:23]} 9. Be3 {[%emt 0:02:41] A38: Englische Eröffnung (Symmetrische Variante)} Bd7 {[%emt 0:07:32]} 10. Qd2 {[%emt 0:08:21]} Rb8 {[%emt 0:07:18]} 11. Bh6 {[%emt 0:05:16]} b5 {[%emt 0:01:27]} 12. Bxg7 {[%emt 0:12:00]} (12. b3 Qa5 13. Bxg7 Kxg7 14. Rad1 Rfc8 15. Nh4 {½-½ (57) Sarana,A (2432)-Kovalenko,I (2680) Minsk 2015}) 12... Kxg7 {[%emt 0:00:07]} 13. b3 {[%emt 0:02:17]} b4 $146 {[%emt 0:13:28]} ({Vorgänger:} 13... e5 14. Kh2 h6 15. e3 Re8 16. Ng1 Nh7 17. f4 f5 18. Nd5 {½-½ (44) Ivanka Budinsky,M (2310)-Mencinger,V (2385) Belgrade 1988}) 14. Nd5 {[%emt 0:07:20]} Nxd5 {[%emt 0:01:01]} 15. cxd5 {[%emt 0:00:06]} Na7 {[%emt 0:01:40]} 16. d4 {[%emt 0:01:47]} Nb5 {[%emt 0:11:17]} 17. dxc5 {[%emt 0:08:33]} dxc5 {[%emt 0:00:05]} 18. Ne5 {[%emt 0:03:43]} Qc8 {[%emt 0:03:07]} 19. Qe3 {[%emt 0:08:13]} Nc3 {[%emt 0:06:31]} 20. Kh2 {[%emt 0:05:30]} Rd8 {[%emt 0:12:29]} (20... Qc7 $14) 21. Nc6 {[%emt 0:02:25]} Bxc6 {[%emt 0:00:48]} 22. dxc6 {[%emt 0:00:08]} Qc7 {[%emt 0:03:31]} 23. Qxc5 {[%emt 0:01:27]} Rb5 {[%emt 0:02:18]} 24. Qc4 {[%emt 0:01:09]} e5 {[%emt 0:02:49]} 25. e3 {[%emt 0:00:57]} Qb6 {[%emt 0:03:03]} 26. a3 {[%emt 0:03:08]} a5 {[%emt 0:00:05]} 27. axb4 {[%emt 0:02:17]} axb4 {[%emt 0:00:04]} 28. Rfc1 {[%emt 0:01:41]} Qc5 {[%emt 0:04:34]} 29. Qh4 {[%emt 0:07:59]} ({Better is} 29. Qxc5 $16 Rxc5 30. Rc2) 29... Re8 {[%emt 0:01:33]} (29... Rd2 $11) 30. Qc4 {[%emt 0:02:56]} ({Better is} 30. Ra6 $16) 30... Qxc4 {[%emt 0:02:56]} 31. bxc4 {[%emt 0:00:06]} Rc5 {[%emt 0:00:05]} 32. Ra7 {[%emt 0:00:24]} Rxc4 {[%emt 0:01:00] [#]} 33. Bd5 $1 {[%emt 0:00:57]} Rc5 {[%emt 0:00:22]} 34. Rxf7+ {[%emt 0:01:01]} ({Keinesfalls} 34. Bxf7 Rf8 $16) 34... Kh6 {[%emt 0:00:23]} 35. Rd7 $11 {[%emt 0:02:03]} (35. Bg2 $18) 35... Rc8 {[%emt 0:01:52]} 36. e4 {[%emt 0:00:43]} Nxe4 {[%emt 0:00:27]} 37. Rxc5 {[%emt 0:00:43]} Nxc5 {[%emt 0:00:04]} 38. Re7 {[%emt 0:00:12]} e4 {[%emt 0:00:41]} 39. h4 {[%emt 0:00:46]} b3 {[%emt 0:00:58]} 40. Bxe4 {[%emt 0:00:29]} Nxe4 {[%emt 0:00:13]} 41. Rxe4 {[%emt 0:50:11]} Rxc6 {[%emt 0:51:00]} 42. Rb4 {[%emt 0:00:11]} Rc2 {[%emt 0:00:00]} 43. Rxb3 {[%emt 0:00:00]} Rxf2+ {[%emt 0:00:00]} 44. Kh3 {[%emt 0:00:00]} Rf7 {[%emt 0:00:00]} 1/2-1/2

[Event "WEM-KT 2018"]
[Site "Illertissen"]
[Date "2018.08.30"]
[Round "6"]
[White "Bossinger, Patrick"]
[Black "Gustain, Marc"]
[Result "1/2-1/2"]
[WhiteElo "2039"]
[BlackElo "2102"]
[Annotator "TA"]
[PlyCount "94"]
[EventDate "2018.08.25"]
[EventType "tourn"]
[EventCountry "GER"]
[SourceTitle "playchess.com"]
[Source "ChessBase"]
[SourceQuality "1"]

{[%evp 9,94,-9,-9,-29,-23,-27,-17,-13,0,0,-7,0,11,-13,0,-9,-15,-25,-27,-19,-30,-31,-4,-26,-25,-27,-13,-42,1,2,16,0,39,64,85,31,68,39,0,0,130,123,116,118,112,116,205,204,200,197,197,197,197,197,197,197,203,197,234,230,213,124,131,119,121,96,125,96,154,144,160,0,17,0,0,0,0,0,0,0,0,0,0,0,0,0,0]} 1. c4 e5 2. Nc3 Bb4 3. Nf3 Nc6 4. g3 Bxc3 5. dxc3 d6 {LiveBook: 9 Games} 6. Qc2 {A21: English Opening: 1...e5 2 Nc3} (6. Bg2 Nge7 7. O-O O-O 8. a4 a5 9. b3 Be6 10. e4 Qd7 11. Nh4 Bh3 12. Re1 f5 13. Bh1 {1-0 (13) Vakhidov,J (2578)-Khusnutdinov,R (2476) Almaty 2016}) 6... Nge7 7. Bg2 h6 8. O-O $146 ({Predecessor:} 8. Bd2 Be6 9. b3 Qd7 10. Rd1 Bh3 11. Kf1 Qe6 12. Bc1 O-O 13. Ne1 Rae8 14. Kg1 Bxg2 15. Nxg2 {½-½ (29) Tella,J-Innala,H Finland 1994}) 8... Bf5 9. e4 Be6 10. Qe2 b6 11. Be3 Qc8 12. Rfe1 O-O 13. Nd2 a5 14. f4 exf4 15. gxf4 Bg4 16. Qf2 f5 17. h3 Bh5 18. Kh2 fxe4 19. Bxe4 {Black should prevent Rg1.} Qd7 (19... Bg6 $5 {[%cal Rg6e4]}) 20. Qg2 $36 {[%mdl 2048] Strongly threatening Rg1. White has some pressure.} Rae8 21. Rg1 $1 {[%csl Gg1][%cal Rg2g7] [#]} Rf7 $1 22. Nf1 (22. Rae1 $16) 22... Nd8 23. Ng3 {[%cal Bf1g3,Bg3e4,Be4f6][%mdl 32]} Bg6 24. Bd4 {Bxg7! is the strong threat.} Bxe4 ({Don't go for} 24... Rxf4 $2 25. Bxg6 Nxg6 26. Nh5 $18) (24... Ne6 $11 25. f5 Bxf5) 25. Nxe4 $16 {Black must now prevent Nf6+.} Nf5 {And now ...Nh4 would win.} 26. Nf6+ $1 Rxf6 27. Bxf6 Qf7 (27... Ne6 $16) 28. Bxd8 $1 $18 Rxd8 29. Qd5 Ne3 30. Qxf7+ Kxf7 {[%mdl 4096] Endgame KRR-KRN} 31. b3 Kf6 32. Rae1 Nf5 33. Re2 d5 34. Rd1 d4 35. Red2 (35. Kg2 $18) 35... c5 $16 36. cxd4 Nxd4 37. Kg3 g6 38. h4 h5 {[#]} (38... Re8 $142) 39. Kf2 $1 Kf5 40. Kg3 $2 (40. Re2 $16) 40... Re8 {The position is equal.} 41. Rxd4 cxd4 42. Rxd4 $11 {KR-KR} Re3+ 43. Kf2 Rh3 44. Kg2 Rc3 45. Rd6 Kxf4 46. Rxg6 Rc2+ 47. Kh3 Rc3+ {Precision: White = 51%, Black = 44%.} 1/2-1/2

[Event "WEM-KT 2018"]
[Site "Illertissen"]
[Date "2018.08.30"]
[Round "6"]
[White "Klaiss, Thomas"]
[Black "Jakob, Georg"]
[Result "0-1"]
[WhiteElo "2021"]
[BlackElo "2084"]
[Annotator "NA RC"]
[PlyCount "62"]
[EventDate "2018.08.25"]
[EventType "tourn"]
[EventCountry "GER"]
[SourceTitle "playchess.com"]
[Source "ChessBase"]
[SourceQuality "1"]
[TimeControl "40/6000+30:3000+30"]

{[%evp 8,59,8,0,32767,32767,32767,32767,32767,32767,32767,32767,38,0,24,18,0,-1,-13,-14,0,-21,0,-7,-6,-27,12,-40,-38,-67,32767,32767,32767,32767,32767,32767,-12,32767,32767,32767,32767,32767,32767,32767,32767,-51,32767,-65,-50,-65,-54,-126,-158,-129]} 1. d4 {[%emt 0:09:34]} Nf6 {[%emt 0:09:35]} 2. Nf3 {[%emt 0:00:24]} e6 {[%emt 0:00:08]} 3. e3 {[%emt 0:01:25]} b6 {[%emt 0:00:09]} 4. Bd3 {[%emt 0:02:19]} Bb7 {[%emt 0:00:06] LiveBook: 2963 Games} 5. Nbd2 {[%emt 0:00:36]} c5 {[%emt 0:00:10]} 6. c3 {[%emt 0:00:12]} Nc6 {[%emt 0:00:06]} 7. O-O {[%emt 0:00:38]} Qc7 {[%emt 0:00:14]} 8. Qe2 {[%emt 0:02:42]} Be7 {[%emt 0:08:00] A47: Damenindisch (ohne c2-c4)} 9. e4 {[%emt 0:08:01]} Rc8 {[%emt 0:12:39]} (9... cxd4 10. cxd4 Nb4 11. Bb5 a6 12. Ba4 Bc6 13. Bxc6 Qxc6 14. e5 Nfd5 15. Ne4 Qb5 16. Qxb5 axb5 {0-1 (41) Vezzosi,P (2369)-Strikovic,A (2505) Padova 2015}) 10. Re1 {[%emt 0:10:35]} (10. dxc5 $14 Bxc5 11. e5) 10... cxd4 {[%emt 0:04:45]} 11. Nxd4 {[%emt 0:00:24]} Ne5 {[%emt 0:05:45]} 12. Bb1 $146 {[%emt 0:03:13]} ({Vorgänger:} 12. Bc2 a6 13. f4 Ng6 14. N2f3 Nxf4 15. Qf2 Ng6 16. h3 Bd6 17. Qe2 Bg3 18. Rf1 O-O 19. h4 h5 20. Bg5 Ng4 21. Rad1 N6e5 22. Nxe5 Bxe5 {0-1 (22) Milin,D (2066)-Kostic,M (2196) Belgrade 2016}) 12... O-O {[%emt 0:06:38]} 13. Nb5 {[%emt 0:05:54]} Qb8 $1 {[%emt 0:02:04]} 14. Nf1 {[%emt 0:02:19]} a6 {[%emt 0:08:39]} 15. Nd4 {[%emt 0:00:24]} d6 {[%emt 0:07:59]} 16. f4 {[%emt 0:01:37]} Ned7 {[%emt 0:01:18]} 17. e5 {[%emt 0:05:07]} Nd5 {[%emt 0:07:58]} 18. Kh1 {[%emt 0:10:37]} b5 {[%emt 0:06:39]} 19. Ng3 {[%emt 0:03:14]} N7b6 {[%emt 0:04:22]} 20. Qh5 {[%emt 0:01:02]} g6 {[%emt 0:01:40]} 21. Qg4 {[%emt 0:06:30] [#]} Kh8 {[%emt 0:04:32]} (21... dxe5 $1 $17 22. fxe5 Nc4 23. Nxe6 Nxe5) 22. Qh3 {[%emt 0:15:51]} Rg8 {[%emt 0:06:10]} 23. f5 {[%emt 0:06:26]} gxf5 {[%emt 0:01:17]} 24. Ndxf5 {[%emt 0:00:14]} exf5 {[%emt 0:00:08]} 25. Bxf5 {[%emt 0:01:05]} Rg7 {[%emt 0:00:06]} 26. Bh6 {[%emt 0:01:32]} Rcg8 {[%emt 0:00:33]} 27. Bxg7+ {[%emt 0:02:06]} Rxg7 {[%emt 0:00:03]} 28. exd6 {[%emt 0:05:45]} Bxd6 {[%emt 0:02:44]} 29. Be4 {[%emt 0:03:15]} (29. Qh4 $1 $15) 29... Bxg3 {[%emt 0:02:46]} 30. hxg3 $17 {[%emt 0:01:01]} Qxg3 {[%emt 0:01:10]} 31. Qh5 {[%emt 0:00:38]} Nf4 {[%emt 0:01:42]} 0-1

[Event "WEM-KT 2018"]
[Site "Illertissen"]
[Date "2018.08.30"]
[Round "6"]
[White "Hermann, Tobias"]
[Black "Kohde, Janis"]
[Result "1-0"]
[WhiteElo "2002"]
[BlackElo "1803"]
[Annotator "NA RC"]
[PlyCount "63"]
[EventDate "2018.08.25"]
[EventType "tourn"]
[EventCountry "GER"]
[SourceTitle "playchess.com"]
[Source "ChessBase"]
[SourceQuality "1"]
[TimeControl "40/6000+30:3000+30"]

1. d4 {[%emt 0:09:33]} d5 {[%emt 0:09:31]} 2. Nf3 {[%emt 0:00:23]} Nf6 {[%emt 0:00:02]} 3. Bg5 {[%emt 0:00:19]} e6 {[%emt 0:02:04]} 4. e3 {[%emt 0:00:38]} Nbd7 {[%emt 0:01:07]} 5. Nbd2 {[%emt 0:00:20]} h6 {[%emt 0:01:05]} 6. Bh4 {[%emt 0:00:07]} Be7 {[%emt 0:00:58]} 7. Bd3 {[%emt 0:00:53]} O-O {[%emt 0:00:18]} 8. O-O {[%emt 0:00:26]} c5 {[%emt 0:03:05]} 9. c3 {[%emt 0:00:16]} b6 {[%emt 0:02:27]} 10. Ne5 {[%emt 0:02:53]} Bb7 {[%emt 0:04:41]} 11. f4 {[%emt 0:01:09]} Ne4 {[%emt 0:02:13] D03: 1 d4 d5 2 Nf3 Nf6 3 Bg5, including Torre Attack with early ...d5} 12. Bxe7 {[%emt 0:44:35] LiveBook: 19 Games} Qxe7 {[%emt 0:00:21]} 13. Nxd7 {[%emt 0:22:46]} (13. a4 Nxe5 14. fxe5 Qg5 15. Rf4 cxd4 16. cxd4 f5 17. exf6 Rxf6 18. Nf3 Qg6 19. Ne5 {0-1 (40) Yudin,S (2517)-Predke,A (2579) Samara 2017}) 13... Qxd7 {[%emt 0:00:03]} 14. Rf3 $146 {[%emt 0:10:19]} ({Predecessor:} 14. Bxe4 dxe4 15. Nb3 Rfd8 16. Rf2 a5 17. Rd2 a4 18. dxc5 Qe7 19. c6 Rxd2 20. Qxd2 axb3 21. cxb7 Qxb7 {0-1 (43) Mehmeti,D (2416)-Bengherabi,K (2170) Tromsoe 2014}) 14... f5 {[%emt 0:04:36]} 15. Rh3 {[%emt 0:01:57]} Nxd2 {[%emt 0:03:23]} 16. Qxd2 {[%emt 0:00:02]} Rf6 {[%emt 0:00:33]} 17. Kf2 {[%emt 0:02:30]} g5 {[%emt 0:05:03]} 18. Rg1 {[%emt 0:00:37]} g4 {[%emt 0:08:13]} 19. Rh4 {[%emt 0:00:01]} Qe7 {[%emt 0:01:05]} 20. g3 {[%emt 0:00:13]} c4 {[%emt 0:03:42]} 21. Be2 {[%emt 0:00:19]} b5 {[%emt 0:04:44]} 22. h3 {[%emt 0:01:42]} gxh3 {[%emt 0:00:51]} 23. Rxh3 {[%emt 0:00:12]} Raf8 {[%emt 0:07:29]} (23... Kh8 $16) 24. Bh5 {[%emt 0:00:57]} Kh7 {[%emt 0:05:15]} 25. Ke1 $16 {[%emt 0:02:18]} ({Lieber} 25. g4 $18 fxg4 26. Rxg4 (26. Bxg4 Rg8 $16)) 25... Rg8 {[%emt 0:03:22]} 26. Qh2 {[%emt 0:01:08]} b4 {[%emt 0:01:07]} 27. g4 {[%emt 0:01:43]} fxg4 {[%emt 0:00:49]} 28. Bxg4 {[%emt 0:00:29]} Bc6 {[%emt 0:04:52]} 29. Rh1 {[%emt 0:03:48]} Qf8 {[%emt 0:01:23]} 30. Bd1 {[%emt 0:00:14]} Be8 {[%emt 0:01:27]} 31. Bc2+ {[%emt 0:00:02]} Bg6 {[%emt 0:00:37]} 32. Rxh6+ {[%emt 0:00:04]} 1-0

[Event "WEM-KT 2018"]
[Site "Illertissen"]
[Date "2018.08.30"]
[Round "6"]
[White "Guenther, Stefan"]
[Black "Schulz, Volker"]
[Result "1/2-1/2"]
[WhiteElo "1907"]
[BlackElo "2169"]
[Annotator "TA"]
[PlyCount "30"]
[EventDate "2018.08.25"]
[EventType "tourn"]
[EventCountry "GER"]
[SourceTitle "playchess.com"]
[Source "ChessBase"]
[SourceQuality "1"]

{[%evp 9,30,5,8,6,12,6,24,0,29,0,25,-5,-4,-12,-4,-83,-22,-122,-105,-112,-64,-121,-121]} 1. f4 d5 2. Nf3 c5 3. e3 Nc6 4. Be2 (4. d4 e6 5. c3 Bd6 6. Bd3 Nh6 7. O-O O-O 8. Bd2 g6 9. Qe2 f5 10. Be1 Qb6 11. b3 {½-½ (11) Drazic,S (2440)-Derakhshani,D (2386) Novi Sad 2016}) 4... Bg4 5. O-O Nf6 6. Ne5 {A03: Bird's Opening with 1...d5} Bxe2 7. Qxe2 e6 8. b3 {White has an edge.} Be7 9. Bb2 O-O 10. d3 Nxe5 11. Bxe5 Nd7 12. Qg4 $146 (12. Bb2 $11) ({Predecessor:} 12. Bb2 Bf6 13. c3 Nb6 14. Nd2 d4 15. cxd4 cxd4 {½-½ (76) Prudent,S (1469)-Cesaire Hierso,F (1348) Nimes 2014}) 12... Bf6 ({Black should play} 12... Nxe5 $17 13. fxe5 Bg5) 13. d4 (13. Bxf6 $11 Qxf6 14. Nd2) 13... Rc8 $17 14. c3 Qe7 15. Nd2 (15. Qf3 $15) 15... cxd4 {Precision: White = 18%, Black = 39%.} 1/2-1/2

[Event "WEM-KT 2018"]
[Site "Illertissen"]
[Date "2018.08.30"]
[Round "6"]
[White "Handel, Oliver"]
[Black "Schelberg, Martin"]
[Result "1-0"]
[WhiteElo "1839"]
[BlackElo "1727"]
[Annotator "NA RC"]
[PlyCount "82"]
[EventDate "2018.08.25"]
[EventType "tourn"]
[EventCountry "GER"]
[SourceTitle "playchess.com"]
[Source "ChessBase"]
[SourceQuality "1"]
[TimeControl "40/6000+30:3000+30"]

{[%evp 8,73,52,40,33,32767,32767,32767,32767,32767,91,73,107,88,116,102,89,98,103,32767,32767,32767,32767,65,32767,32767,32767,31,97,35,213,196,209,214,235,32767,32767,32767,644,414,32767,32767,32767,32767,32767,32767,32767,-364,-423,-500,-53,-76,0,0,179,191,182,0,0,0,29988,904,32767,32767,32767,32767,32767,880]} 1. e4 {[%emt 0:09:34]} g6 {[%emt 0:09:47]} 2. d4 {[%emt 0:00:07]} Bg7 {[%emt 0:00:23]} 3. f4 {[%emt 0:00:23]} d6 {[%emt 0:00:21]} 4. Nf3 {[%emt 0:00:08]} Nf6 {[%emt 0:01:05]} 5. Nc3 {[%emt 0:00:10] LiveBook: 5128 Games} O-O {[%emt 0:01:37]} 6. Bd3 {[%emt 0:00:43]} Nbd7 {[%emt 0:03:08]} 7. O-O {[%emt 0:02:29]} Kh8 {[%emt 0:17:21] B09: Pirc Defence: Austrian Attack} (7... e5 8. dxe5 dxe5 9. f5 Nc5 10. Bg5 Nxd3 11. Qxd3 Qxd3 12. cxd3 c6 13. Rae1 Nd7 14. g4 b6 15. Rf2 Re8 16. Rd2 {½-½ (37) Karjakin,S (2788)-Ivanchuk,V (2768) Ningbo 2011 CBM 144 [Marin,M]}) 8. e5 $146 {[%emt 0:02:31]} ({Predecessor:} 8. f5 Nb6 9. Bg5 h6 10. Bxf6 exf6 11. fxg6 fxg6 12. Nh4 Qe8 13. e5 f5 14. Nb5 Qf7 15. Qe2 {1-0 (29) Nathansky,D-Straslipka,J Klatovy 2003}) 8... Ng8 {[%emt 0:02:46]} 9. Qe1 {[%emt 0:06:54]} Nh6 {[%emt 0:20:12]} 10. h3 {[%emt 0:17:11]} c5 {[%emt 0:13:08]} 11. Be3 {[%emt 0:11:31]} cxd4 {[%emt 0:05:24]} 12. Bxd4 {[%emt 0:00:27]} Nc5 {[%emt 0:11:21]} 13. Bxc5 {[%emt 0:08:54]} dxc5 {[%emt 0:00:32]} 14. Rd1 {[%emt 0:00:10]} Qa5 {[%emt 0:03:51]} 15. Qe4 {[%emt 0:03:44]} Bf5 {[%emt 0:10:08]} 16. Qxb7 {[%emt 0:00:55]} e6 {[%emt 0:00:45]} 17. Bxf5 {[%emt 0:02:46]} (17. Qb5 $16 Qc7 18. b3) 17... Nxf5 {[%emt 0:00:23]} (17... Rab8 $1 $11 18. Qc6 Nxf5) 18. Ng5 {[%emt 0:05:10]} (18. Rd7 $5 {[%cal Rd7f7]}) 18... Ne3 $2 {[%emt 0:03:07]} (18... Rab8 $1 $11 {and Black is okay.} 19. Qd7 (19. Nxf7+ Kg8 $17) 19... Kg8) 19. Nxf7+ {[%emt 0:00:34]} Kg8 {[%emt 0:00:36]} 20. Ng5 {[%emt 0:01:10]} Rab8 {[%emt 0:00:45]} 21. Qe7 {[%emt 0:01:41]} Rbe8 {[%emt 0:00:40]} 22. Qd7 {[%emt 0:00:36]} Qb6 $2 {[%emt 0:01:42]} (22... Nxd1 23. Rxd1 Qd8) 23. Rd6 {[%emt 0:00:47]} Qxb2 {[%emt 0:01:12]} 24. Rxe6 {[%emt 0:02:13]} Rd8 {[%emt 0:00:50]} 25. Qxa7 {[%emt 0:09:40]} Qxc3 {[%emt 0:00:22]} 26. Re7 {[%emt 0:01:30]} Nf5 {[%emt 0:00:23]} 27. Ne6 $2 {[%emt 0:02:16]} (27. Rf7 $17 {ist wohl besser.}) 27... Qe3+ {[%emt 0:00:29]} 28. Kh2 {[%emt 0:05:35]} Qg3+ $2 {[%emt 0:01:08]} (28... Nxe7 $19 29. Qxe7 {[#]} Bxe5 $1 {[%mdl 512]}) 29. Kh1 {[%emt 0:00:05]} Nxe7 {[%emt 0:00:30]} (29... Bxe5 $1 $15 30. Rxh7 Qc3 31. fxe5 Qxe5) 30. Qxe7 {[%emt 0:00:38]} Bxe5 $2 {[%emt 0:00:31]} (30... Bh6 $11 {und Schwarz ist OK.} 31. Nxd8 Bxf4 32. Rxf4 Rxf4 33. Qe8+ Rf8 34. Qe6+ Kg7 35. Qe7+ Kg8 36. Qe6+ Kh8 37. Nf7+ Kg8 38. Nd6+ Kh8 39. Nf7+ Kg8 40. Nd6+ Kh8 41. Nf7+) 31. Nxf8 {[%emt 0:02:23]} (31. Nxd8 $2 {is the wrong capture.} Bxf4 32. Rxf4 Rxf4 $17) 31... Bxf4 $11 {[%emt 0:00:29]} 32. Qe6+ $2 {[%emt 0:01:46]} ({Der einzige Zug:} 32. Qxh7+ $18 Kxf8 33. Qh6+ Ke7 34. Qxf4 Qxf4 35. Rxf4 Rd2) 32... Kg7 $1 {[%emt 0:00:26]} 33. Qe7+ {[%emt 0:03:02]} Kh6 {[%emt 0:00:21]} 34. Qxh7+ {[%emt 0:00:16]} Kg5 {[%emt 0:00:21]} 35. Qxg6+ {[%emt 0:00:46]} Kh4 {[%emt 0:00:18]} 36. Qh7+ {[%emt 0:03:30]} Kg5 {[%emt 0:00:21]} 37. Ne6+ {[%emt 0:00:29]} Kf6 {[%emt 0:00:46]} 38. Rxf4+ {[%emt 0:01:05]} Kxe6 {[%emt 0:00:24]} 39. Qf7+ {[%emt 0:01:43]} Kd6 {[%emt 0:00:49]} 40. Rf6+ {[%emt 0:00:44]} Ke5 {[%emt 0:00:25]} 41. Qe7+ {[%emt 0:50:18]} Kd5 {[%emt 0:01:40]} 1-0

[Event "WEM-KT 2018"]
[Site "Illertissen"]
[Date "2018.08.30"]
[Round "6"]
[White "Jooss, Achim"]
[Black "Seidler, Ottmar"]
[Result "0-1"]
[WhiteElo "1749"]
[BlackElo "1706"]
[Annotator "NA RC"]
[PlyCount "102"]
[EventDate "2018.08.25"]
[EventType "tourn"]
[EventCountry "GER"]
[SourceTitle "playchess.com"]
[Source "ChessBase"]
[SourceQuality "1"]
[TimeControl "40/6000+30:3000+30"]

1. d4 {[%emt 0:09:33]} d5 {[%emt 0:09:39]} 2. c4 {[%emt 0:00:06]} Nf6 {[%emt 0:00:15]} 3. Bg5 {[%emt 0:01:17]} e6 {[%emt 0:01:29]} 4. Nc3 {[%emt 0:00:27]} Be7 {[%emt 0:01:08]} 5. Nf3 {[%emt 0:00:36]} Nbd7 {[%emt 0:01:14]} 6. e3 {[%emt 0:08:02]} b6 {[%emt 0:00:38]} 7. cxd5 {[%emt 0:01:02]} Nxd5 {[%emt 0:00:40]} 8. Bxe7 {[%emt 0:00:06]} Nxe7 {[%emt 0:02:14]} 9. Bd3 {[%emt 0:02:15]} Bb7 {[%emt 0:00:16]} 10. O-O {[%emt 0:01:10]} c5 {[%emt 0:00:50]} 11. Be4 {[%emt 0:03:32]} Nd5 {[%emt 0:08:10]} 12. Qb3 {[%emt 0:06:41]} N7f6 {[%emt 0:05:31]} 13. dxc5 {[%emt 0:02:43]} Nxe4 {[%emt 0:11:48]} 14. Nxe4 {[%emt 0:00:07]} O-O {[%emt 0:00:38]} 15. Rac1 {[%emt 0:03:10]} Qe7 {[%emt 0:05:21]} 16. c6 {[%emt 0:05:26]} Ba6 {[%emt 0:02:16]} 17. Rfe1 {[%emt 0:01:41]} Rac8 {[%emt 0:03:00]} 18. Qa4 {[%emt 0:01:51]} Bd3 {[%emt 0:01:47]} 19. Ne5 {[%emt 0:02:15]} Nb4 {[%emt 0:02:42]} 20. Nc3 {[%emt 0:19:50]} f6 {[%emt 0:05:06]} 21. Nd7 {[%emt 0:02:32]} Rfd8 {[%emt 0:00:42]} 22. Red1 {[%emt 0:16:02]} Bc2 {[%emt 0:04:25]} 23. Rxc2 {[%emt 0:04:24]} Nxc2 {[%emt 0:00:03]} 24. Qxc2 {[%emt 0:00:14]} Rxc6 {[%emt 0:00:30]} 25. Qa4 {[%emt 0:05:32]} Rd6 {[%emt 0:06:05]} 26. Nxf6+ {[%emt 0:03:17]} gxf6 {[%emt 0:01:14]} 27. Qg4+ {[%emt 0:00:17]} Qg7 {[%emt 0:01:13]} 28. Rxd6 {[%emt 0:03:54]} Rxd6 {[%emt 0:00:47]} 29. Qf4 {[%emt 0:00:19]} Rd7 {[%emt 0:02:32]} 30. h3 {[%emt 0:03:23]} Qg6 {[%emt 0:00:53]} 31. Ne4 {[%emt 0:00:40]} Kg7 {[%emt 0:01:17]} 32. Kh2 {[%emt 0:00:43]} e5 {[%emt 0:02:21]} 33. Qf3 {[%emt 0:00:46]} Rc7 {[%emt 0:01:15]} 34. Nc3 {[%emt 0:01:34]} f5 {[%emt 0:01:49]} 35. g4 {[%emt 0:00:10]} fxg4 {[%emt 0:00:45]} 36. hxg4 {[%emt 0:00:10]} Rf7 {[%emt 0:00:30]} 37. Qe2 {[%emt 0:00:29]} Rc7 {[%emt 0:01:20]} 38. Kg3 {[%emt 0:00:17]} h5 {[%emt 0:01:27]} 39. f4 {[%emt 0:01:04]} exf4+ {[%emt 0:03:57]} 40. exf4 {[%emt 0:00:16]} Qxg4+ {[%emt 0:00:36]} 41. Qxg4+ {[%emt 0:50:10]} hxg4 {[%emt 0:50:14]} 42. Kxg4 {[%emt 0:00:16]} Rc4 {[%emt 0:00:52]} 43. Kf5 {[%emt 0:00:43]} b5 {[%emt 0:01:10]} 44. Nd5 {[%emt 0:00:00]} Rc2 {[%emt 0:00:00]} 45. Ke6 {[%emt 0:00:00]} Rxb2 {[%emt 0:00:00]} 46. f5 {[%emt 0:00:00]} Re2+ {[%emt 0:00:00]} 47. Kd6 {[%emt 0:00:00]} Rxa2 {[%emt 0:00:00]} 48. Nc3 {[%emt 0:00:00]} Rd2+ {[%emt 0:00:00]} 49. Ke7 {[%emt 0:00:00]} b4 {[%emt 0:00:00]} 50. f6+ {[%emt 0:00:00]} Kg6 {[%emt 0:00:00]} 51. f7 {[%emt 0:00:00]} Rf2 {[%emt 0:00:00]} 0-1